Państwa w większości muzułmańskie - Statystyki

Ogólne statystyki
  • Ten quiz został rozwiązany 27 300 razy
  • Średni wynik to 32 z 48
Statystyki odpowiedzi
% Kraj % Poprawnych
97.1 Arabia Saudyjska
93%
95.7 Irak
92%
99.4 Iran
92%
99.2 Turcja
92%
92.4 Egipt
91%
99 Maroko
85%
85.9 Oman
85%
96.5 Pakistan
85%
99.1 Jemen
84%
76 Zjednoczone Emiraty Arabskie
83%
99.7 Afganistan
81%
99 Algieria
81%
77.5 Katar
81%
93 Syria
81%
97 Libia
79%
97 Sudan
78%
99.8 Tunezja
76%
98.0 Tadżykistan
75%
93.3 Turkmenistan
75%
57.7 Liban
73%
98.3 Niger
73%
96.5 Uzbekistan
73%
70.2 Kazachstan
71%
74.6 Kuwejt
71%
90 Kirgistan
70%
≈ 50 Nigeria
70%
97.2 Jordania
69%
58 Czad
68%
99.8 Somalia
68%
96.9 Azerbejdżan
67%
73.7 Bahrajn
65%
95 Mali
63%
87.2 Indonezja
62%
> 99.9 Mauretania
60%
96.1 Senegal
58%
58.8 Albania
54%
61.3 Malezja
50%
90.4 Bangladesz
46%
89.1 Gwinea
46%
97 Dżibuti
45%
50.6 Bośnia i Hercegowina
43%
95.7 Gambia
42%
95.6 Kosowo
38%
61.5 Burkina Faso
37%
98.4 Malediwy
36%
78.8 Brunei
33%
77.5 Sierra Leone
33%
98.3 Komory
29%
Nie znaleziono quizów pasujących do podanych kryteriów
Rozkład punktacji
Procent ludzi z każdym wynikiem
Percentyl według liczby udzielonych odpowiedzi
Twoja historia wyników
Nie rozwiązałeś tego quizu